Normal view
MARC view
Entry Topical Term
001 - CONTROL NUMBER
- control field: 80
003 - CONTROL NUMBER IDENTIFIER
- control field: BD-RjUL
005 - DATE AND TIME OF LATEST TRANSACTION
- control field: 20211209051735.0
008 - FIXED-LENGTH DATA ELEMENTS
- fixed length control field: 211209|| aca||aabn | a|a d
040 ## - CATALOGING SOURCE
- Original cataloging agency: BD-RjUL
- Transcribing agency: BD-RjUL
150 ## - HEADING--TOPICAL TERM
- Topical term or geographic name entry element: Theology
- General subdivision: Comparative and non-Christian
- General subdivision: Indo-European
670 ## - SOURCE DATA FOUND
- Source citation: Work cat.: (BD-RjUL)31711: Barnett, Lionel David. 96516, The heart of India : , 1908.